000 02898cam a22004334i 4500
003 PE-LiUPU
005 20250731184549.0
008 150625s r 000 0 d
035 _a(Sirsi) a33296
040 _aPE-LiUPU
_bspa
_cPE-LiUPU
_erda
082 0 4 _a985.061
_bG993c
_221
100 1 _aGuzman Palomino, Luis,
_eautor.
245 1 0 _aCampaña de La Breña :
_bcolección de documentos inéditos; 1881-1884 /
_ccompilador Luis Guzmán Palomino.
264 1 _aLima :
_bMilitares del Perú,
_c1990.
300 _a400 páginas :
_bilustrado, diagramas ;
_c21 centímetros.
336 _atext
_2rdacontent
337 _aunmediated
_2rdamedia
338 _avolume
_2rdacarrier
505 0 _aDocumentos: La situación en Lima, Cáceres en Tarma, Piérola asciende a Cáceres, apatía y hostilidad hacia Cáceres, rebelión de Ponciano Lira en Jauja, vistoria patriota en San Mateo, encuentrros de avanzadas en Jauja, Cáceres denuncia intentos de sabotaje, Cáceres sugiere a Piérola que se traslade a Matucana, Manifiesto del General andrés Avelino Cáceres, la gran cuestión Nacional, organización del partido nacional, correspondecia para la unificación Nacional, Cáceres prepara ataque a Huancayo, carta en clave:sublevación india,apresan en Lima a presuntos socialistas, Cáceres ordena que indios sean exhonerados de impuestos, elogio dee Cáceres y guerrilleros a Ica y Huarochiri, sublevación india en Ayacucho, Montero no contesta cartas de Cáceres, Morales Bermúdez dice que indios rebeldes de Ayacucho son comunistas, opinión de traidores sobre holocausto patriota en Huamachuco, Cáceres exige a Montero el ejército de Arequipa, Cáceres y las cclases sociales frente a la guerra, duros cargos de Cáceres contra iglesias, guerrillas indios de Ayacucho ocupan casi todas las haciendasy proclaman un Inca, asesinato de hacendados, Cáceres recibe reliquia histórica y reitera que no rendirá su espada, regreso de piérolael ejército de Centro al final de BreñaJauja en poder de patriotas, Cáceres denuncia protectorado chileno, Cáceres y los chilenos, Exhortación de Cáceres, Cáceres declara nulo actos de la administración de iglesias.
526 _aP136
526 _aP135
526 _aP134
526 _aP133
526 _aP144
526 _aP143
526 _aP87
526 _aP35
526 _aP20
526 _aP14
526 _aP10
526 _aP06
600 1 8 _aCáceres, Andrés Avelino,
_d1836-1923.
_93350
648 2 8 _aBreña, Campaña de la, 1881-1883
_vDocumentos y correspondencia.
_93351
710 _aCentro de Estudios Histórico-Militares del Perú.
_93352
942 _2ddc
_cBK
949 _a985.061063 G98
_wDEWEY
_c1
_i33471
_lCCODEBUL1
_mBUL
_p00.00
_r0
_sY
_tBOOK
_u2015-06-25
_xBIBLIOTECA
_zUNKNOWN
_0COMPRA
_o.STAFF. Colección General
980 _81
_gALBERTO SANCHEZ Responsable de Automatización
999 _c41028
_d41028